000
00252nam a2200097Ia 4500
001
677219
005
20250826161014.0
008
250824s9999 xx 000 0 und d
245
0
_a
SATICI ÇOCUK
_c
AHMET YILMAZ BOYUNAĞA
260
_b
GENÇ TİMAŞ YAYINLARI
999
_c
677219
_d
677219